| 000 | 00423nam a2200181Ia 4500 | ||
|---|---|---|---|
| 005 | 20140403160459.0 | ||
| 008 | 140130s9999 xx 000 0 und d | ||
| 050 |
_aPZ 7 _b.M398If 2004 |
||
| 245 |
_cJane B. Mason _aIf the Shoes Fits |
||
| 260 |
_bScholastic, _c2004 |
||
| 300 |
_a137 p. : _c21 cm. |
||
| 440 |
_v1 _931174 |
||
| 521 | _aG5 | ||
| 526 | _c750 | ||
| 942 |
_cBK _2lcc |
||
| 999 |
_c41086 _d41086 |
||